<?xml version="1.0" encoding="UTF-8"?>
<record
    xmlns:xsi="http://www.w3.org/2001/XMLSchema-instance"
    xsi:schemaLocation="http://www.loc.gov/MARC21/slim http://www.loc.gov/standards/marcxml/schema/MARC21slim.xsd"
    xmlns="http://www.loc.gov/MARC21/slim">

  <leader>00693    a2200157   4500</leader>
  <datafield tag="245" ind1=" " ind2=" ">
    <subfield code="a">1. Sr&#x12B;mat Bhagavat G&#x12B;t&#x101;</subfield>
    <subfield code="b"> :  with an introduction, Sanskrit text, translation, syntaz, word for word translation and substance of each &#x15B;loka in English</subfield>
    <subfield code="h">print</subfield>
  </datafield>
  <datafield tag="250" ind1=" " ind2=" ">
    <subfield code="a">[1st ed.]</subfield>
  </datafield>
  <datafield tag="650" ind1=" " ind2=" ">
    <subfield code="a">literature</subfield>
  </datafield>
  <controlfield tag="005">20191021095553.0</controlfield>
  <datafield tag="260" ind1=" " ind2=" ">
    <subfield code="a">ii</subfield>
    <subfield code="c">1968]</subfield>
  </datafield>
  <datafield tag="084" ind1=" " ind2=" ">
    <subfield code="a">PK3631 .B5 1968 (Orien Sans)</subfield>
  </datafield>
  <datafield tag="300" ind1=" " ind2=" ">
    <subfield code="a">xv, 475 p. 23 cm.</subfield>
    <subfield code="b">xv, 475 p. 23 cm.</subfield>
    <subfield code="c">xv, 475 p. 23 cm.</subfield>
  </datafield>
  <datafield tag="500" ind1=" " ind2=" ">
    <subfield code="a">English rendering by Bani Basu and Kajal Sen Gupta from origional Bengali of Yatrindra Ramanujacharyy.</subfield>
  </datafield>
  <datafield tag="999" ind1=" " ind2=" ">
    <subfield code="c">12403</subfield>
    <subfield code="d">12403</subfield>
  </datafield>
</record>
